| 000 | 00518nam a22001457a 4500 | ||
|---|---|---|---|
| 999 |
_c511671 _d511671 |
||
| 020 | _a9788175060371 | ||
| 082 | _aN1x54 Su16 | ||
| 100 |
_aSubramanian, T.K.V. _911788 |
||
| 245 |
_aC I S F: _bforces of the future _cby Subramanian, T.K.V., Bhuvan Kumar Jha and Manoj Sharma |
||
| 260 |
_aNew Delhi _bSheriden Book _c2019 |
||
| 300 | _axxvi, 410p. | ||
| 650 |
_a Sinha, Kanchan, -- 1967- Central Industrial Security Force (India) -- India _915122 |
||
| 700 |
_aJha, Bhuvan Kumar _911789 |
||
| 700 |
_aSharma, Manoj _911790 |
||